000 00771cab a2200229 4500
001 ABS50380
008 090401t1994 xxu||||| |||| 00| 0 eng d
035 _a(Sirsi) u75497
041 _aeng
100 _aSwaffield, L
245 _aMeasurement and contractors; where do we go from here?
260 _c1994
350 _a0
490 _aCSM (Chartered Surveyor Monthly)
_v3(7) April 1994, 24-25(2)
520 _aComments on papers presented at a conference `Measurement and contractors` held at Nottingham Trent University (1 February 1994), addressing the needs of contractors for measurement.
650 _aCONSTRUCTION INDUSTRY
650 _aMeasurement
_96256
650 _aTENDERING
690 _aBUILT ENVIRONMENT
942 _n0
948 _c04/03/1997
999 _c47514
_d47514